THE FOOD SAFETY AND STANDARDS ACT 2006 (Record no. 51663)
[ view plain ]
| 000 -LEADER | |
|---|---|
| fixed length control field | nam a22 7a 4500 |
| 003 - CONTROL NUMBER IDENTIFIER | |
| control field | OSt |
| 005 - DATE AND TIME OF LATEST TRANSACTION | |
| control field | 20220415101519.0 |
| 008 - FIXED-LENGTH DATA ELEMENTS--GENERAL INFORMATION | |
| fixed length control field | 220415b xxu||||| |||| 00| 0 eng d |
| 040 ## - CATALOGING SOURCE | |
| Transcribing agency | SEROSOFT |
| 100 ## - MAIN ENTRY--PERSONAL NAME | |
| Personal name | BARE ACT |
| 245 ## - TITLE STATEMENT | |
| Title | THE FOOD SAFETY AND STANDARDS ACT 2006 |
| 260 ## - PUBLICATION, DISTRIBUTION, ETC. | |
| Place of publication, distribution, etc. | COMMERCIAL LAW PUB |
| 300 ## - PHYSICAL DESCRIPTION | |
| Extent | 101 |
| 942 ## - ADDED ENTRY ELEMENTS (KOHA) | |
| Source of classification or shelving scheme | |
| Koha item type | Text-Book- for 7 days |
| Withdrawn status | Lost status | Source of classification or shelving scheme | Damaged status | Not for loan | Home library | Current library | Date acquired | Source of acquisition | Cost, normal purchase price | Inventory number | Total Checkouts | Barcode | Date last seen | Price effective from | Koha item type |
|---|---|---|---|---|---|---|---|---|---|---|---|---|---|---|---|
| IIMT University College of Law | IIMT University College of Law | 04/15/2022 | WESTERN LAW HOUSE | 100.00 | 10,04/04/22 | 04-B-9678 | 04/15/2022 | 04/15/2022 | Text-Book- for 7 days | ||||||
| IIMT University College of Law | IIMT University College of Law | 04/15/2022 | WESTERN LAW HOUSE | 100.00 | 10,04/04/22 | 04-B-9679 | 04/15/2022 | 04/15/2022 | Text-Book- for 7 days | ||||||
| IIMT University College of Law | IIMT University College of Law | 04/15/2022 | WESTERN LAW HOUSE | 100.00 | 10,04/04/22 | 04-B-9680 | 04/15/2022 | 04/15/2022 | Text-Book- for 7 days | ||||||
| IIMT University College of Law | IIMT University College of Law | 04/15/2022 | WESTERN LAW HOUSE | 100.00 | 10,04/04/22 | 04-B-9681 | 04/15/2022 | 04/15/2022 | Text-Book- for 7 days | ||||||
| IIMT University College of Law | IIMT University College of Law | 04/15/2022 | WESTERN LAW HOUSE | 100.00 | 10,04/04/22 | 04-B-9682 | 04/15/2022 | 04/15/2022 | Text-Book- for 7 days |

